000 01150cam a2200337 i 4500
001 30649
003 Mx-PuUPA
005 20260128204244.0
008 140415s2007 mx gr 000 0 spa d
020 _a9789707019379
040 _aMx-PuUPA
_bspa
_cMx-PuUPA
_dMx-PuUPA
_erda
041 0 _aspa
043 _an-mx---
100 1 _aVite Pérez, Miguel Angel,
_917794
_eautor
245 1 3 _aLa nueva desigualdad social mexicana /
_cMiguel Ángel Vite Pérez
250 _aPrimera edición /
_bagosto
264 1 _aMéxico, D.F. ;
_bMiguel Ángel Porrúa, librero -editor,
_c2007
300 _a191 páginas ;
_c21 cm
336 _2rdacontent
_atexto
_btxt
337 _2rdamedia
_asin medio
_bn
338 _2rdacarrier
_avolumen
_bnc
490 0 _aLas Ciencias Sociales
650 7 _2armarc
_aIgualdad
_zMéxico
650 7 _2armarc
_aIntegración social
_zMéxico
650 7 _2armarc
_aMarginalidad social
_zMéxico
651 4 _aMéxico
_xDiscriminación
_xAspectos sociales
651 4 _aMéxico
_xDiscriminación
_xAspectos económicos
942 _2ddc
_cLI
_h305.0972
_iV83
999 _c30649
_d30649